Revista Pan-Amazônica de Saúde (Registro nro. 1291)

Detalles MARC
000 -LEADER
fixed length control field 00662nas a22002177a 4500
008 - CAMPO DE CONTROL RECURSOS CONTINUADOS
fixed length control field 130327t20109999bl ||||| |||| 00| 0 por d
022 ## - INTERNATIONAL STANDARD SERIAL NUMBER
International Standard Serial Number 2176-6215
245 ## - TITULO
Titulo Revista Pan-Amazônica de Saúde
260 ## - PUBLICACION, DISTRIBUCION, ETC. (PIE DE IMPRENTA)
Lugar de publicación, distribución, etc Ananindeua,
Nombre de la editorial, distribuidor, etc. Institut Evandro Chagas:
Fecha de publicación 2010
300 ## - DESCRIPCION FISICA
Extensión v. :
310 ## - FRECUENCIA ACTUAL DE LA PUBLICACION
Frecuencia actual de la publicación trimestral
546 ## - NOTA DE IDIOMA
Nota de lenguaje portugues
590 ## - NOTAS LOCALES (RLIN)
Nota local Indizada en: Latindex, SciELO
590 ## - NOTAS LOCALES (RLIN)
Nota local Existencias: 2010 1(1)
650 ## - MATERIA-TERMINO TEMATICO
Término temático INMUNOLOGIA
9 (RLIN) 1731
650 ## - MATERIA-TERMINO TEMATICO
Término temático EPIDEMIOLOGIA
9 (RLIN) 1748
650 ## - MATERIA-TERMINO TEMATICO
Término temático GENETICA
9 (RLIN) 2005
650 ## - MATERIA-TERMINO TEMATICO
Término temático INFECTOLOGIA
9 (RLIN) 2006
856 ## - LOCALIZACION ELECTRONICA Y ACCESO
Identificador Uniforme de Recurso (URI) <a href="http://scielo.iec.pa.gov.br/scielo.php?script=sci_serial&lng=es&pid=2176-6223&nrm=iso">http://scielo.iec.pa.gov.br/scielo.php?script=sci_serial&lng=es&pid=2176-6223&nrm=iso</a>
942 ## - ADDED ENTRY ELEMENTS (KOHA)
Source of classification or shelving scheme Dewey Decimal Classification
Item type Continuing Resources

No hay ítems disponibles.


UNIVERSIDAD NACIONAL DEL COMAHUE
Biblioteca de la Facultad de Ciencias Médicas
Sede Toschi: Los Arrayanes y Av. Toschi, Cipolletti  - Rio Negro
Sede Los Tordos:  Yrigoyen al 2211, Cipolletti - Rio Negro 

Teléfono: 0299 - 4774707 int 25
Contacto: biblioteca@facimed.uncoma.edu.ar
© 2011 - 2026